000 00510nmm a2200193Ia 4500
008 251105s9999||||xx |||||||||||||||||und||
020 _a9788417860998
041 _aspa
100 _aLowe, Katie
245 0 _aLas furias
264 _a[Madrid, España] :
_bSiruela,
_c2019
300 _a320 páginas
490 _aNuevos tiempos
650 _aEnglish Narrative
700 _aLowe, Katie
700 1 _a Maza Castán, Virginia
856 _uhttps://public.digitaliapublishing.com/a/68466
942 _cCF
999 _c68062
_d68062